00462 2200193 4500001002100000005001500021008004100036020001800077035002500095041000800120082001100128090001100139100001800150245002100168250001600189260002900205300002100234650001300255INLIS00000000000625420130515161312 ind  a979-730-074-1 a0010-051300000006254 aind a153.94 a153.94 aArif, Budiman aPanduan Psikotes aCetakan : 5 aBandungbPustaka Grafika a328 hlm. ;18 cm. aPsikotes